Articles on common law & Anglo- American legal system / (Record no. 46382)
[ view plain ]
| 000 -LEADER | |
|---|---|
| fixed length control field | 01007nac a2200289 i 4500 |
| 003 - CONTROL NUMBER IDENTIFIER | |
| control field | EG-GICUC |
| 005 - DATE AND TIME OF LATEST TRANSACTION | |
| control field | 20260121101350.0 |
| 008 - FIXED-LENGTH DATA ELEMENTS--GENERAL INFORMATION | |
| fixed length control field | 251127b1998 ua ||||fr|||| 00| 0 eng d |
| 040 ## - CATALOGING SOURCE | |
| Original cataloging agency | EG-GiCUC |
| Language of cataloging | eng |
| Transcribing agency | EG-GiCUC |
| Modifying agency | EG-GiCUC |
| Description conventions | rda |
| 082 04 - DEWEY DECIMAL CLASSIFICATION NUMBER | |
| Edition number | 21 |
| Classification number | 340 |
| 092 04 - LOCALLY ASSIGNED DEWEY CALL NUMBER (OCLC) | |
| Edition number | 21 |
| 099 ## - LOCAL FREE-TEXT CALL NUMBER (OCLC) | |
| Classification number | Law 08 1998 |
| 100 1# - MAIN ENTRY--PERSONAL NAME | |
| Personal name | Barsoum, Awny R. |
| 245 10 - TITLE STATEMENT | |
| Title | Articles on common law & Anglo- American legal system / |
| Statement of responsibility, etc. | prepared & organized prof Dr. Awny R. Barsoum, prof Dr. M. Mohamed Badran. |
| 264 ## - PRODUCTION, PUBLICATION, DISTRIBUTION, MANUFACTURE, AND COPYRIGHT NOTICE | |
| Place of production, publication, distribution, manufacture | Cairo : |
| Name of producer, publisher, distributor, manufacturer | Cairo Uiversity. Law school. English department, |
| Date of production, publication, distribution, manufacture, or copyright notice | 1998. |
| 300 ## - PHYSICAL DESCRIPTION | |
| Extent | 284 pages : |
| Other physical details | illustrations ; |
| Dimensions | 24 cm |
| 336 ## - CONTENT TYPE | |
| Source | rda content |
| Content type term | text |
| 337 ## - MEDIA TYPE | |
| Source | rda media |
| Media type term | Computer |
| 338 ## - CARRIER TYPE | |
| Source | rda carrier |
| Carrier type term | Online Resource |
| 650 10 - SUBJECT ADDED ENTRY--TOPICAL TERM | |
| Topical term or geographic name entry element | Common law |
| General subdivision | History. |
| 650 10 - SUBJECT ADDED ENTRY--TOPICAL TERM | |
| Topical term or geographic name entry element | Common law |
| General subdivision | interpretation and construction. |
| 650 10 - SUBJECT ADDED ENTRY--TOPICAL TERM | |
| Topical term or geographic name entry element | Anglo- American law. |
| 700 1# - ADDED ENTRY--PERSONAL NAME | |
| Personal name | Badran, M. Mohamed. |
| 856 40 - ELECTRONIC LOCATION AND ACCESS | |
| Uniform Resource Identifier | <a href="https://fll.law.cu.edu.eg/fulltext/bks/ENGB08-00003.pdf">https://fll.law.cu.edu.eg/fulltext/bks/ENGB08-00003.pdf</a> |
| 905 ## - Cataloger and Reviser Names | |
| Cataloger Name: | Hend El khosy |
| 942 ## - ADDED ENTRY ELEMENTS (KOHA) | |
| Source of classification or shelving scheme | Dewey Decimal Classification |
| Koha item type | Books |
| Edition | 21 |
| Suppress in OPAC | No |
| Withdrawn status | Lost status | Source of classification or shelving scheme | Damaged status | Not for loan | Collection | Home library | Current library | Date acquired | Total checkouts | Full call number | Barcode | Date last seen | Copy number | Price effective from | Koha item type | Public note |
|---|---|---|---|---|---|---|---|---|---|---|---|---|---|---|---|---|
| Dewey Decimal Classification | القانون الدستوري | جــــامعة القــاهرة | مكتبة كلية الحقوق - المبنى الرئيسي | 27.11.2025 | Law2 08 340 BA . A 1998 0800003 C3 | ENGB08-00003 | 27.11.2025 | 3 | 27.11.2025 | Books | 1073 | |||||
| Dewey Decimal Classification | القانون الدستوري | جــــامعة القــاهرة | مكتبة كلية الحقوق - فـرع الشيخ زايد | 27.11.2025 | Law2 08 340 BA . A 1998 0800001 C1 | ENGB08-00001 | 27.11.2025 | 1 | 27.11.2025 | Books | 523 | |||||
| Dewey Decimal Classification | القانون الدستوري | جــــامعة القــاهرة | مكتبة كلية الحقوق - فـرع الشيخ زايد | 27.11.2025 | Law2 08 340 BA . A 1998 0800002 C2 | ENGB08-00002 | 27.11.2025 | 2 | 27.11.2025 | Books | 1072 |